La gran rata de sumatra /

Guardado en:
Autor Principal: Fleischman, Sid
Otros Autores: Lara, David, il., Anaya, Josefina, trad.
Formato: Libro
Publicado: San Isidro : Macmillan, 2012
Series:Castillo de la lectura
Materias:
Etiquetas: Agregar Etiqueta
Sin Etiquetas, Sea el primero en etiquetar este registro!
LEADER 01006nam a22003135a 4500
001 CEM.cems014290
005 20140414120635.0
008 130507s2012##################000#0#####d
003 CEMS
020 |a 9789876720441 
082 0 4 |a 813 
100 1 |a Fleischman, Sid 
245 1 0 |a La gran rata de sumatra /  |c Sid Fleischman ; ilustraciones de David Lara ; traducción de Josefina Anaya 
260 |a San Isidro :  |b Macmillan,  |c 2012 
300 |a 176 p. 
490 0 |a Castillo de la lectura 
653 |a Literatura 
653 |a Literatura norteamericana 
653 |a Novelas 
653 |a Novelas norteamericanas 
653 |a Narrativa 
653 |a Narrativa norteamericana 
653 |a Novelas de aventuras 
653 |a Aventuras 
653 |a Ministerio de educación-colección literaria 
700 1 |a Lara, David, il. 
700 1 |a Anaya, Josefina, trad. 
859 |a CEMS  |b BIB. CEMS - 11 de abril  |h 813  |i F628  |p 26911.14  |t Ej.1 
859 |a CEMS  |b BIB. CEMS - 11 de abril  |h 813  |i F628  |p 27747.19  |t Ej.2